Strukturální neutralita peněz při hypotéze racionálního očekávání
Použitie princípu racionálneho očakávania znamená, že sa predpokladá platnosť určitých vzťahov medzi ekonomickými veličinami. Štrukturálna neutralita peňazí. Hypotéza štrukturálnej neutrality peňazí v českej ekonomike. Nerelevantnosť časových radov. Miera nezamestnanosti. Index spotrebiteľských cien...
Saved in:
| Main Author: | |
|---|---|
| Format: | Book Chapter |
| Language: | Czech |
| Subjects: | |
| Tags: |
No Tags, Be the first to tag this record!
|
MARC
| LEADER | 00000naa a2200000 4500 | ||
|---|---|---|---|
| 001 | r024913 | ||
| 005 | 20230113115827.2 | ||
| 041 | 0 | |a cze | |
| 044 | |a CZ | ||
| 245 | 1 | 0 | |a Strukturální neutralita peněz při hypotéze racionálního očekávání |c V. Pánková |
| 520 | |a Použitie princípu racionálneho očakávania znamená, že sa predpokladá platnosť určitých vzťahov medzi ekonomickými veličinami. Štrukturálna neutralita peňazí. Hypotéza štrukturálnej neutrality peňazí v českej ekonomike. Nerelevantnosť časových radov. Miera nezamestnanosti. Index spotrebiteľských cien. Miera inflácie. | ||
| 610 | 2 | 0 | |a modely |
| 610 | 2 | 0 | |a peniaze |
| 610 | 2 | 0 | |a hypotézy |
| 610 | 2 | 0 | |a nezamestnanosť |
| 610 | 2 | 0 | |a ceny maloobchodné |
| 610 | 2 | 0 | |a inflácia |
| 610 | 2 | 0 | |a metóda štvorcov najmenších |
| 100 | 1 | |a Pánková, Václava | |